Participation and degree attainment of african-american and latino students in graduate education relative to other racial and ethnic groups : an update from office of civil rights data (Record no. 74042)

MARC details
000 -CABECERA
campo de control de longitud fija 00820nam a2200253 a 4500
005 - FECHA Y HORA DE LA ÚLTIMA TRANSACCIÓN
campo de control 20210219153329.0
008 - ELEMENTOS DE LONGITUD FIJA--INFORMACIÓN GENERAL
campo de control de longitud fija 991125n 000 0 u
035 ## - NÚMERO DE CONTROL DEL SISTEMA
Número de control de sistema UPN01000091605
100 ## - ASIENTO PRINCIPAL--NOMBRE PERSONAL
Nombre de persona THOMAS, Gail E.
222 ## - TÍTULO CLAVE
Título clave HARVARD EDUCATIONAL REVIEW
245 ## - MENCIÓN DE TÍTULO
Título Participation and degree attainment of african-american and latino students in graduate education relative to other racial and ethnic groups : an update from office of civil rights data
260 ## - PUBLICACIÓN, DISTRIBUCIÓN, ETC.
Lugar de publicación, distribución, etc. MASSACHUSETTS, EUA
300 ## - DESCRIPCIÓN FÍSICA
Extensión 45-65
362 ## - FECHAS DE PUBLICACIÓN Y/O DESIGNACIÓN SECUENCIAL
Fecha de publicación y/o designación secuencial 1992 Vol. 62, No.1, spring
653 0# - TERMINO DE INDIZACION - NO CONTROLADO
Término no controlado ACCESO A LA EDUCACION
653 0# - TERMINO DE INDIZACION - NO CONTROLADO
Término no controlado ALUMNOS
653 0# - TERMINO DE INDIZACION - NO CONTROLADO
Término no controlado AMERICA LATINA
653 0# - TERMINO DE INDIZACION - NO CONTROLADO
Término no controlado DERECHOS HUMANOS
653 0# - TERMINO DE INDIZACION - NO CONTROLADO
Término no controlado EDUCACION SUPERIOR
653 0# - TERMINO DE INDIZACION - NO CONTROLADO
Término no controlado GRADO ACADEMICO
653 0# - TERMINO DE INDIZACION - NO CONTROLADO
Término no controlado 7. RAZA NEGRA
904 ## - ELEMENTOS DE DATOS D LOCAL, LDD (RLIN)
a AC
b 029416
905 ## - TIPO DE MATERIAL
Tipo de material Articulo

No items available.